Vyakaran pradeepah (Record no. 1386414)

MARC details
000 -LEADER
fixed length control field 00739nam a2200313Ia 4500
008 - FIXED-LENGTH DATA ELEMENTS--GENERAL INFORMATION
fixed length control field 160525s9999||||xx |||||||||||||| ||und||
040 ## - CATALOGING SOURCE
Transcribing agency hindi
082 ## - DEWEY DECIMAL CLASSIFICATION NUMBER
Classification number viii.B/sirkar
082 ## - DEWEY DECIMAL CLASSIFICATION NUMBER
Item number BORI-104554
100 ## - MAIN ENTRY--PERSONAL NAME
Personal name M. K. sirkar
245 ## - TITLE STATEMENT
Title Vyakaran pradeepah
245 ## - TITLE STATEMENT
Remainder of title Sanskrit grammer and composition made easy
250 ## - EDITION STATEMENT
Remainder of edition statement 21th
260 ## - PUBLICATION, DISTRIBUTION, ETC. (IMPRINT)
Place of publication, distribution, etc Delhi
260 ## - PUBLICATION, DISTRIBUTION, ETC. (IMPRINT)
Name of publisher, distributor, etc Oriental book depot
260 ## - PUBLICATION, DISTRIBUTION, ETC. (IMPRINT)
Date of publication, distribution, etc 1672
300 ## - PHYSICAL DESCRIPTION
Extent 8+454
300 ## - PHYSICAL DESCRIPTION
Dimensions A
300 ## - PHYSICAL DESCRIPTION
Accompanying material Paperback
530 ## - ADDITIONAL PHYSICAL FORM AVAILABLE NOTE
Uniform Resource Identifier <a href="00104554.pdf">00104554.pdf</a>
563 ## - BINDING INFORMATION
Binding note Study
600 ## - SUBJECT ADDED ENTRY--PERSONAL NAME
Personal name M. K. sirkar
630 ## - SUBJECT ADDED ENTRY--UNIFORM TITLE
Uniform title Vyakaran pradeepah
650 ## - SUBJECT ADDED ENTRY--TOPICAL TERM
Topical term or geographic name as entry element Grammer
650 ## - SUBJECT ADDED ENTRY--TOPICAL TERM
Topical term or geographic name as entry element Technical science
700 ## - ADDED ENTRY--PERSONAL NAME
Personal name M. K. sirkar
730 ## - ADDED ENTRY--UNIFORM TITLE
Uniform title Vyakaran pradeepah
942 ## - ADDED ENTRY ELEMENTS (KOHA)
Koha item type Book
Holdings
Withdrawn status Lost status Damaged status Not for loan Home library Current library Date acquired Cost, normal purchase price Total Checkouts Full call number Barcode Date last seen Cost, replacement price Price effective from Koha item type
        Bhandarkar Oriental Research Institute, Pune Bhandarkar Oriental Research Institute, Pune 06/12/2010 4.00   BORI-104554 BORI-104554 05/25/2016 4.00 05/25/2016 Book